=LDR 00000nam 2200000 4500 =001 INLIS000000000033714 =005 20130612135643 =008 ***********************************ind** =035 ##$$0010-061300000033714 =041 ##$$a ind =082 ##$$a 910.7 =090 ##$$a 910.7, Wal,m =100 ##$$a Waluya,Bagja =245 ##$$a Memahami Geografi SMA/MA Untuk Kls xii Semester 1 dan 2 Program Ilmu Pengetahuan Sosial/Bagja Waluya ; Editor,Gurniawan Kamil Pasya =260 ##$$a 2009 $b Jakarta =300 ##$$a vi,276 hlm., Illus., 25 cm =650 ##$$a Geografi - Studi dan Pengjaran =700 ##$$a Pasya,Gurniawan Kamil =850 ##$$a NBPNMAT =990 ##$$a 0001/BPAP-NTB/2016 =990 ##$$a 0001/BPAP-NTB/2016